Statistiken für Regionen Spaniens

Klicken Sie hier um das Quiz zu spielen!

Allgemein

  • Dieses Quiz wurde 9.534 mal gespielt
  • Das Durchschnittsergebnis liegt bei 8 aus 17

Antworten auf der Karte

Die Antworten werden auf der Karte rot bzw. grün angezeigt, abhängig davon wie oft sie richtig erraten wurden.
 

Antwortstatistiken

Gemeinschaft% Korrekt
Katalonien
89%
Madrid
83%
Andalusien
76%
Balearen
71%
Kanarische Inseln
69%
Baskenland
67%
Valencia
57%
Galicien
50%
Kastilien und León
38%
Aragonien
37%
Murcia
34%
Extremadura
31%
Asturien
30%
Kastilien-La Mancha
27%
Navarra
27%
La Rioja
23%
Kantabrien
21%

Verteilung der Resultate

Perzentil nach korrekt beantworteten Fragen

Anzahl Personen mit jedem Resultat

Ihre Resultats-Entwicklung

Sie haben dieses Quiz noch nicht gespielt